000 00557nam a2200205Ia 4500
003 GCL
008 140319s9999 xx 000 0 ara d
040 _aGCL /
_cGCL
082 0 4 _aق
_b309.62
_bص ص
100 1 _aصلاح خليفة
245 1 0 _aصور من بلدنا /
_cصلاح خليفة
300 _a54 ص
490 _aاخترنا للفلاح
_v0
650 0 4 _aمصر
650 0 4 _aالاحوال الاجتماعية
650 0 4 _aالموالد
650 0 4 _aالحياة الريفية
650 0 4 _aالاعياد
942 _2ddc
_cBK
999 _c39252
_d39252